Qüestions de vida cristiana. (Record no. 178525)
[ view plain ]
| 000 -LEADER | |
|---|---|
| campo de control de longitud fija | 00655nas a2200229 i 4500 |
| 001 - NÚMERO DE CONTROL | |
| campo de control | 178525 |
| 003 - IDENTIFICADOR DE NÚMERO DE CONTROL | |
| campo de control | ES-MaACL |
| 005 - FECHA Y HORA DE LA ÚLTIMA TRANSACCIÓN | |
| campo de control | 20250801034209.0 |
| 008 - DATOS DE LONGITUD FIJA--INFORMACIÓN GENERAL | |
| campo de control de longitud fija | 110606 19641967sp z| f| ||at d |
| 022 ## - NÚMERO INTERNACIONAL NORMALIZADO PARA PUBLICACIONES SERIADAS | |
| Número Internacional Normalizado para Publicaciones Seriadas | 0214-7769 |
| 080 ## - NÚMERO DE LA CLASIFICACIÓN DECIMAL UNIVERSAL | |
| Número de la Clasificación Decimal Universal | 27 |
| 245 00 - MENCIÓN DEL TÍTULO | |
| Título | Qüestions de vida cristiana. |
| 260 ## - PUBLICACIÓN, DISTRIBUCIÓN, ETC. | |
| Lugar de publicación, distribución, etc. | [Barcelona] : |
| Nombre del editor, distribuidor, etc. | Estela, |
| Fecha de publicación, distribución, etc. | 1964-1967. |
| 300 ## - DESCRIPCIÓN FÍSICA | |
| Extensión | 11 v. ; |
| Dimensiones | 21 cm. |
| 310 ## - PERIODICIDAD ACTUAL | |
| Periodicidad actual | 5 vols. al año |
| 362 0# - FECHAS DE PUBLICACIÓN Y/O DESIGNACIÓN SECUENCIAL | |
| Fecha de publicación y/o designación secuencial | 1958-2000. |
| 546 ## - NOTA DE IDIOMA | |
| Nota de lengua/lenguaje | Texto en catalán. |
| 650 07 - PUNTO DE ACCESO ADICIONAL DE MATERIA--TÉRMINO DE MATERIA | |
| Término de materia o nombre geográfico como elemento de entrada | Cristianismo |
| Fuente del encabezamiento o término | embne |
| 9 (RLIN) | 11425 |
| 852 ## - LOCALIZACIÓN | |
| Ubicación | ES-MaACL |
| Número de control de estantería | E-15281-91 |
| Encuadernación | Olim P-1107 |
| 866 #0 - MENCIÓN TEXTUAL DE FONDOS--UNIDAD BIBLIOGRÁFICA BÁSICA | |
| Fondos | 24 (1964), 25-28 (1965), 31-34 (1966), 35 (1967), 37-38 (1967) |
| Estatus retirado | Estado de pérdida | Estado de daño | No para préstamo | Colección | Biblioteca de origen | Biblioteca actual | Ubicación en estantería | Fecha de adquisición | Fuente de adquisición | Total de préstamos | Signatura topográfica completa | Código de barras | Visto por última vez | Precio de reemplazo | Tipo de ítem Koha |
|---|---|---|---|---|---|---|---|---|---|---|---|---|---|---|---|
| Periódicos y Revistas | Biblioteca del Ateneo de Madrid | Biblioteca del Ateneo de Madrid | Depósito 2 | 06/06/2011 | E-15281-91 | 1187529 | 23/02/2023 | 23/02/2023 | Revista |
